000 00312nam a2200121Ia 4500
008 190723s9999 xx 000 0 und d
020 _a978-81-317-1675-5
100 _aMuhammad Ali Mazidi
245 0 _aPIC Microcontroller and Embedded systems
260 _aIndia
_bPearson
_c2008
300 _a782.:p
942 _cBK
999 _c1599
_d1599